Lo que se sabe y lo que no se sabe en orden a la fundación de Barquisimeto (Record no. 117928)

MARC details
000 -LEADER
campo de control de longitud fija 00532nam a2200157 4500
001 - NÚMERO DE CONTROL
campo de control 117928
003 - IDENTIFICADOR DE NÚMERO DE CONTROL
campo de control ES-MaACL
005 - FECHA Y HORA DE LA ÚLTIMA TRANSACCIÓN
campo de control 20230906191010.0
007 - CAMPO FIJO DE DESCRIPCIÓN FÍSICA--INFORMACIÓN GENERAL
campo de control de longitud fija t|
008 - DATOS DE LONGITUD FIJA--INFORMACIÓN GENERAL
campo de control de longitud fija 070214s1950 bl r ||||1| spa d
100 1# - ENTRADA PRINCIPAL--NOMBRE DE PERSONA
Nombre de persona Perera, Ambrosio.
9 (RLIN) 90519
245 10 - MENCIÓN DEL TÍTULO
Título Lo que se sabe y lo que no se sabe en orden a la fundación de Barquisimeto
Resto del título : trabajo de crítica histórica /
Mención de responsabilidad, etc. Ambrosio Perera.
260 ## - PUBLICACIÓN, DISTRIBUCIÓN, ETC.
Lugar de publicación, distribución, etc. Sao Paulo :
Nombre del editor, distribuidor, etc. [s.n.],
Fecha de publicación, distribución, etc. 1950 (
Fabricante Imp. Joâo Bentivegna)
300 ## - DESCRIPCIÓN FÍSICA
Extensión 52 p. ;
Dimensiones 24 cm.
852 ## - LOCALIZACIÓN
Ubicación ES-MaACL
Número de control de estantería 1916-F-20
Sublocalización o colección R.30286
Holdings
Estatus retirado Estado de pérdida Estado de daño No para préstamo Colección Biblioteca de origen Biblioteca actual Ubicación en estantería Fecha de adquisición Fuente de adquisición Total de préstamos Signatura topográfica completa Código de barras Visto por última vez Precio de reemplazo Tipo de ítem Koha
        Colección de folletos Biblioteca del Ateneo de Madrid Biblioteca del Ateneo de Madrid Depósito folletos 17/01/2008     1916-F-20 1122943 23/02/2023 23/02/2023 Folleto